[Event "Novokuznetsk op (Women)"]
[Site "Novokuznetsk"]
[Date "2011.??.??"]
[Round "3"]
[White "Zadorina, Nadezhda"]
[Black "Vorobyova, Alyona"]
[Result "1-0"]
[WhiteElo "2068"]
[BlackElo "1984"]
[PlyCount "51"]
[EventDate "2011.09.10"]
[EventType "swiss"]
[EventRounds "7"]
[EventCountry "RUS"]
[SourceTitle "CBM 144 Extra"]
[Source "ChessBase"]
[SourceDate "2011.10.28"]
[SourceVersion "1"]
[SourceVersionDate "2011.10.28"]
[SourceQuality "1"]

1. b3 e5 2. Bb2 d6 3. g3 f5 4. c4 Nf6 5. Bg2 g6 6. Qc2 Bg7 7. c5 Na6 8. b4 0-0 9. a3 c6 10. cxd6 Qxd6 11. Nf3 e4 12. Ng5 Nc7 13. h4 Re8 14. Nc3 a5 15. Qb3+ Ne6 16. Rc1 h6 17. Nh3 Kh7 18. b5 Nd4 19. Qa4 Nf3+ 20. Bxf3 exf3 21. e3 Rd8 22. Rc2 Nh5 23. Nf4 Nxf4 24. gxf4 Qd3 25. Qb3 Bxc3 26. Qf7+ 1-0

[Event "Novokuznetsk-ch (Women)"]
[Site "Novokuznetsk"]
[Date "2009.09.28"]
[Round "7"]
[White "Prokofieva, Eleonora"]
[Black "Zadorina, Nadezhda"]
[Result "0-1"]
[WhiteElo "1894"]
[BlackElo "2067"]
[PlyCount "98"]
[EventDate "2009.09.22"]
[EventType "swiss"]
[EventRounds "7"]
[EventCountry "RUS"]
[SourceTitle "EXT 2022"]
[Source "ChessBase"]
[SourceDate "2021.10.06"]
[SourceVersion "1"]
[SourceVersionDate "2021.10.06"]
[SourceQuality "1"]

1. Nf3 Nf6 2. e3 g6 3. d4 Bg7 4. Be2 c5 5. 0-0 cxd4 6. Nxd4 Nc6 7. c4 0-0 8. Nc3 d6 9. a3 Bd7 10. Nc2 Rc8 11. Rb1 Ne8 12. Ne4 Bf5 13. Ng3 Be6 14. b3 f5 15. Nd4 Bf7 16. Bb2 e5 17. Nc2 Qb6 18. Bc3 Ne7 19. Nb4 a5 20. Na2 d5 21. Qd2 Ra8 22. Rfc1 g5 23. Ba1 Qh6 24. cxd5 Bxd5 25. Rc5 Qe6 26. Bc4 Bxc4 27. bxc4 Nd6 28. Rc1 f4 29. exf4 gxf4 30. Nh5 Ne4 31. Nxg7 Kxg7 32. Rxe5 Nxd2 33. Rxe6+ Kf7 34. Rce1 Ng6 35. Rb6 Rab8 36. c5 Rfd8 37. Bc3 Nc4 38. Rf6+ Kg8 39. h4 Rd5 40. g3 Rxc5 41. Bd4 Rd5 42. Ba1 fxg3 43. fxg3 Nxa3 44. Nc3 Rd3 45. Kf2 Nc2 46. h5 Rf8 47. Rxf8+ Nxf8 48. Ne4 Nxe1 49. Kxe1 Re3+ 0-1

[Event "Novokuznetsk op"]
[Site "Novokuznetsk"]
[Date "2008.12.06"]
[Round "6"]
[White "Zadorina, Nadezhda"]
[Black "Chernov, Mikhail"]
[Result "0-1"]
[WhiteElo "2084"]
[BlackElo "2001"]
[PlyCount "124"]
[EventDate "2008.11.22"]
[EventType "swiss"]
[EventRounds "9"]
[EventCountry "RUS"]
[SourceTitle "CBM 127 Extra"]
[Source "ChessBase"]
[SourceDate "2009.01.08"]
[SourceVersion "2"]
[SourceVersionDate "2009.01.28"]
[SourceQuality "1"]

1. d4 Nf6 2. c4 e6 3. Nc3 Bb4 4. a3 Bxc3+ 5. bxc3 b6 6. Bg5 Bb7 7. Nf3 h6 8. Bf4 0-0 9. e3 Ne4 10. Qc2 g5 11. Be5 d6 12. Bd3 f5 13. Bg3 Nd7 14. 0-0 h5 15. h3 g4 16. Bh4 Qe8 17. Ne1 gxh3 18. f3 hxg2 19. Nxg2 Nef6 20. d5 exd5 21. Bxf5 dxc4 22. Bg6 Qe6 23. Bf5 Qe7 24. Qe2 Nc5 25. Qxc4+ Bd5 26. Qf4 Ne6 27. Qh2 Qf7 28. e4 Ng7 29. Bh3 Be6 30. Rf2 Bxh3 31. Qxh3 Qe6 32. Qg3 Qe5 33. Qxe5 dxe5 34. Rd1 Kf7 35. Rfd2 Ne6 36. Ne3 Rg8+ 37. Kf2 Nf4 38. Nf5 Rg2+ 39. Ke3 Rxd2 40. Rxd2 Ne6 41. Bg3 Rd8 42. Rxd8 Nxd8 43. Bxe5 Ne6 44. Bg3 a5 45. c4 a4 46. f4 Nc5 47. e5 Nfe4 48. Be1 Kg6 49. Nh4+ Kf7 50. f5 c6 51. Bb4 Na6 52. e6+ Ke8 53. Be1 Nac5 54. Kd4 Nf6 55. Ng6 Nce4 56. Bh4 b5 57. Be1 c5+ 58. Ke5 b4 59. axb4 a3 60. bxc5 a2 61. Bc3 Nxc3 62. Kxf6 a1Q 0-1

[Event "Novokuznetsk op"]
[Site "Novokuznetsk"]
[Date "2008.11.29"]
[Round "4"]
[White "Zadorina, Nadezhda"]
[Black "Spirin, Alexandr"]
[Result "1-0"]
[WhiteElo "2084"]
[BlackElo "1929"]
[PlyCount "96"]
[EventDate "2008.11.22"]
[EventType "swiss"]
[EventRounds "9"]
[EventCountry "RUS"]
[SourceTitle "CBM 127 Extra"]
[Source "ChessBase"]
[SourceDate "2009.01.08"]
[SourceVersion "2"]
[SourceVersionDate "2009.01.28"]
[SourceQuality "1"]

1. Nf3 Nf6 2. g3 d5 3. Bg2 e6 4. 0-0 Bd6 5. c4 0-0 6. Nc3 c6 7. d3 e5 8. Bg5 Be6 9. cxd5 cxd5 10. Nb5 Nc6 11. Nxd6 Qxd6 12. Bxf6 gxf6 13. Qd2 Kh8 14. Nh4 Rad8 15. Qh6 Qe7 16. f4 Rg8 17. Rf2 Nd4 18. f5 Bc8 19. Rc1 Nc6 20. a3 Rd6 21. b4 Qf8 22. Qd2 Qd8 23. Qa2 Ne7 24. e3 Qb6 25. Rc5 Rgd8 26. h3 Kg7 27. Qe2 Kh8 28. Qh5 Rf8 29. Rfc2 Bd7 30. Kh2 a6 31. Qh6 Rg8 32. e4 d4 33. Rc7 Nc6 34. Rxd7 Rxd7 35. Qxf6+ Rg7 36. Rc5 Qd8 37. Qh6 Rd6 38. Qh5 Qg8 39. Qf3 f6 40. Qh5 Qf7 41. Qh6 Rd8 42. Rc4 Rg5 43. Ng6+ Kg8 44. Rxc6 hxg6 45. Rc5 gxf5 46. Rxe5 Rg6 47. Qh4 Rg5 48. Rc5 Qh5 1-0

[Event "Sibiria Region-ch (Women)"]
[Site "Novokuznetsk"]
[Date "2008.03.21"]
[Round "9"]
[White "Zadorina, Nadezhda"]
[Black "Stavskaya, Olga"]
[Result "0-1"]
[WhiteElo "2067"]
[BlackElo "2036"]
[PlyCount "76"]
[EventDate "2008.03.13"]
[EventType "swiss"]
[EventRounds "9"]
[EventCountry "RUS"]
[SourceTitle "CBM 123 Extra"]
[Source "ChessBase"]
[SourceDate "2008.05.06"]
[SourceVersion "1"]
[SourceVersionDate "2008.05.06"]
[SourceQuality "1"]

1. Nf3 Nf6 2. g3 d5 3. Bg2 e6 4. 0-0 Bd6 5. c4 c6 6. b3 0-0 7. Bb2 Nbd7 8. d4 b6 9. Nc3 Bb7 10. Re1 Rc8 11. Rc1 Qe7 12. e4 Nxe4 13. Nxe4 dxe4 14. Rxe4 Nf6 15. Rh4 Rfd8 16. Qc2 h6 17. Re1 Nd7 18. Bh3 Nf8 19. Rhe4 Bb4 20. R1e2 Ba3 21. Ba1 a5 22. Qc3 Bb4 23. Qe3 Nh7 24. Ne5 Ng5 25. Rh4 Nxh3+ 26. Rxh3 Qg5 27. f4 Qf5 28. Kg2 c5+ 29. Nf3 cxd4 30. Qf2 d3 31. Re5 Qxe5 32. Bxe5 d2 33. Rh4 d1Q 34. Rg4 Bxf3+ 35. Qxf3 Rd2+ 36. Kh3 Qxf3 37. Rxg7+ Kf8 38. Bf6 Qh5+ 0-1

[Event "Novokuznetsk-ch op"]
[Site "Novokuznetsk"]
[Date "2007.11.24"]
[Round "7"]
[White "Zadorina, Nadezhda"]
[Black "Polyanskiy, Vladimir"]
[Result "1-0"]
[WhiteElo "2067"]
[BlackElo "2181"]
[PlyCount "69"]
[EventDate "2007.11.24"]
[EventType "swiss"]
[EventRounds "9"]
[EventCountry "RUS"]
[SourceTitle "EXT 2022"]
[Source "ChessBase"]
[SourceDate "2021.10.06"]
[SourceVersion "1"]
[SourceVersionDate "2021.10.06"]
[SourceQuality "1"]

1. d4 e5 2. dxe5 Nc6 3. g3 Nxe5 4. Bg2 h5 5. h4 Ng4 6. Nf3 Bc5 7. e3 N8f6 8. Ng5 d6 9. Nc3 a6 10. Qf3 Ne5 11. Qf4 Ng6 12. Qc4 Ne5 13. Qb3 0-0 14. Bd2 c6 15. 0-0-0 Qe7 16. Na4 Ba7 17. Bb4 c5 18. Ba5 Bg4 19. Rd2 b5 20. Bxa8 Rxa8 21. Nc3 Nc4 22. Nd5 Nxd5 23. Rxd5 Nxa5 24. Qd3 g6 25. Rxd6 Re8 26. Qd5 Kg7 27. Rxa6 Nc4 28. b3 Ne5 29. f4 f6 30. fxe5 fxg5 31. Qc6 Be6 32. Rxa7 Qxa7 33. Qxe8 Bf7 34. Qxb5 Qxa2 35. Qa4 1-0

[Event "Novokuznetsk-ch op"]
[Site "Novokuznetsk"]
[Date "2007.11.24"]
[Round "9"]
[White "Zadorina, Nadezhda"]
[Black "Shukan, Alexander"]
[Result "1-0"]
[WhiteElo "2067"]
[BlackElo "2188"]
[PlyCount "51"]
[EventDate "2007.11.24"]
[EventType "swiss"]
[EventRounds "9"]
[EventCountry "RUS"]
[SourceTitle "EXT 2022"]
[Source "ChessBase"]
[SourceDate "2021.10.06"]
[SourceVersion "1"]
[SourceVersionDate "2021.10.06"]
[SourceQuality "1"]

1. g3 Nc6 2. Bg2 e5 3. c3 f5 4. d4 e4 5. d5 Ne5 6. Qd4 Qf6 7. Nh3 h6 8. Nf4 g5 9. Nh5 Qe7 10. g4 c5 11. dxc6 bxc6 12. gxf5 d5 13. h4 Bxf5 14. Na3 0-0-0 15. Ng3 Bg4 16. hxg5 Bg7 17. Qa4 d4 18. Bxe4 d3 19. Nf5 Qd7 20. Qa6+ Kb8 21. Nd4 dxe2 22. Bf4 hxg5 23. Bg3 Rxh1+ 24. Bxh1 c5 25. Nc4 Qf7 26. Nxe5 1-0

[Event "Abaza op"]
[Site "Abaza"]
[Date "2007.07.??"]
[Round "8"]
[White "Shirjaev, Alexandr"]
[Black "Zadorina, Nadezhda"]
[Result "1-0"]
[WhiteElo "2313"]
[BlackElo "2040"]
[PlyCount "39"]
[EventDate "2007.07.16"]
[EventType "swiss"]
[EventRounds "9"]
[EventCountry "RUS"]
[SourceTitle "EXT 2022"]
[Source "ChessBase"]
[SourceDate "2021.10.06"]
[SourceVersion "1"]
[SourceVersionDate "2021.10.06"]
[SourceQuality "1"]

1. e4 b6 2. d4 Bb7 3. Nc3 g6 4. f4 Bg7 5. Nf3 e6 6. Bd3 Ne7 7. Be3 Na6 8. 0-0 c5 9. Qe2 Nb4 10. dxc5 Nxd3 11. Qxd3 bxc5 12. Bxc5 0-0 13. Rad1 Bc8 14. Ne5 Re8 15. Nxd7 Qa5 16. Qb5 Bxc3 17. Nf6+ Kf8 18. Qxe8+ Kg7 19. Qxe7 Ba6 20. bxc3 1-0

[Event "Novokuznetsk (Women) 10th"]
[Site "Novokuznetsk"]
[Date "2007.03.05"]
[Round "10"]
[White "Zadorina, Nadezhda"]
[Black "Kuznetsova, Luba"]
[Result "1/2-1/2"]
[WhiteElo "2025"]
[BlackElo "2049"]
[PlyCount "81"]
[EventDate "2007.02.27"]
[EventType "tourn"]
[EventRounds "11"]
[EventCountry "RUS"]
[SourceTitle "EXT 2008"]
[Source "ChessBase"]
[SourceDate "2007.11.25"]
[SourceVersion "1"]
[SourceVersionDate "2007.11.25"]
[SourceQuality "1"]

1. Nf3 Nf6 2. g3 g6 3. Bg2 Bg7 4. d4 0-0 5. 0-0 d6 6. Re1 Ne4 7. Nbd2 Nxd2 8. Bxd2 Nc6 9. c3 e5 10. Be3 Bf5 11. Qb3 Qc8 12. Rad1 a5 13. Qa4 Bh3 14. Bh1 h6 15. dxe5 dxe5 16. Nh4 g5 17. Ng2 Qe6 18. Bc5 Rfd8 19. Ne3 Kh7 20. Nd5 Rd7 21. Qc2+ Bf5 22. e4 Bg6 23. Ne3 Rad8 24. Rxd7 Rxd7 25. Bf3 Qxa2 26. Nf5 Qc4 27. Nxg7 Kxg7 28. Be3 Nd4 29. Bxd4 exd4 30. Qd2 Rd6 31. cxd4 Qxd4 32. Qxa5 Rf6 33. Re3 Qxb2 34. e5 Rb6 35. Qc5 Qa1+ 36. Kg2 Rb1 37. Kh3 Bf5+ 38. g4 Be6 39. Qe7 Rg1 40. Qf6+ Kg8 41. Qd8+ 1/2-1/2